| 000 | 00608nam a2200217Ia 4500 | ||
|---|---|---|---|
| 003 | IIN | ||
| 005 | 20240118152835.0 | ||
| 008 | 231217s9999 xx 000 0 und d | ||
| 020 |
_cRs.1115.00 _a9788131248980 |
||
| 040 |
_aIIN _bEng |
||
| 082 |
_a610.73 _bWIL |
||
| 100 | 1 | _aWilliams, Patricia | |
| 245 | 1 |
_aDewit's Fundamental Concepts and Skills for Nursing _cPatricia Williams and Susan Dewit |
|
| 250 | _a5th ed | ||
| 260 |
_bElsevier _aNew Delhi _c2018 |
||
| 300 | _axxiv, 874 p. | ||
| 650 | 1 |
_aFoundation _vNursing |
|
| 650 | 1 |
_aFundamental _vNursing |
|
| 700 | 1 | _aDewit, Susan | |
| 942 | _cBOOK | ||
| 999 |
_c246 _d246 |
||